| 000 | 00702nam a2200277Ia 4500 | ||
|---|---|---|---|
| 008 | 171025s9999 xx 000 0 und d | ||
| 020 | _a9780545007061 | ||
| 050 | _a791.43 | ||
| 050 | _bSa194 2008 | ||
| 100 | _aSander, Sonia | ||
| 245 | _aInkheart : | ||
| 245 | _bmovie storybook / | ||
| 245 | _cadapted by ; novel by Cornelia Funke. | ||
| 260 | _aNew York : | ||
| 260 | _bScholastic, | ||
| 260 | _c2008 | ||
| 300 | _aunpages : | ||
| 300 | _bcolored illustrations ; | ||
| 300 | _c27cm. | ||
| 650 | _aChildren's stories. | ||
| 650 | _aInkworld (Motion picture). | ||
| 650 | _aStorytelling -- | ||
| 650 | _xJuvenile fiction. | ||
| 700 | _aFunke, Cornelia. | ||
| 700 | _aTitle. | ||
| 999 |
_c344906 _d344906 |
||